000 02676cam a22004694i 4500
003 PE-LiUPU
005 20250731173029.0
008 170810s2010 miu rb 000 0 eng d
035 _a(Sirsi) a238220
040 _aPE-LiUPU
_bspa
_cPE-LiUPU
_erda
049 _aPRUA
082 0 4 _a266.36
_bD8
_220
111 2 _aAdventist Mission in Africa Conference
_n (2nd :
_d 2009 :
_c Berrien Springs, Michigan)
245 1 0 _aDiversity :
_bchallenges and opportunities /
_cBruce L. Bauer [editor].
264 1 _aBerrien Springs, Michigan :
_bDepartament of World Mission, Andrews University,
_c2010.
300 _ax, 222 páginas ;
_c23 centímetros.
336 _atext
_2rdacontent
337 _aunmediated
_2rdamedia
338 _avolume
_2rdacarrier
490 0 _aAndrews University mission studies ;
_v8
504 _aBibliografía : Al final de cada capítulo.
505 0 _achallenges of religious diversity in Africa -- Challenges of economic disparity in Africa -- Chanllenges of tribal and ethnic diversity in Africa -- A historical and social perspective of Africa -- A responde to a historical and social perspective of Africa -- Adventist social and cultural diversity in Africa - A response to Adventist social and cultural diversity in Africa: the road ahead -- Church and socirty in Adventism: some reflections -- A response to church and society in Adventism: some reflections -- The gospel of reconciliation in east Africa: Islam and traditional religion -- A response to the gospel of reconciliation in east Africa: Islam and traditional religion -- Christian worship and cultural diversity: a missiological perspective -- Race ethnicity, and tribal conflicts in Africa -- A response to race, ethnicity, and tribal conflicts in Africa -- Role and fuction of religion in Africa and an Adventist response -- Should we look for another?.
526 _aSEG42
526 _aSEG41
526 _aSEG40
526 _aSEG39
526 _aP94
526 _aP87
526 _aP86
526 _aP85
526 _aP77
526 _aP76
526 _aP35
650 0 4 _aMisiones
_zAfrica
_vCongesos
700 1 _aBauer, Bruce L.,
_eeditor.
910 _ajck
_bncf
_cncf
_d20170810
942 _2ddc
_cBOOK
949 _a266.36 D8
_wDEWEY
_c1
_i76784
_lCCODEBUL1
_mBUL
_p5.00
_r0
_sY
_tBOOK
_u2017-08-08
_xTEOLOGIA
_PP35
_0COMPRA
_o.STAFF. Colección Teología
596 _a1
999 _a266.36 D8
_wDEWEY
_c24923
_i76784
_f2021-11-10
_g4
_lCCODEBUL1
_mBUL
_p5.00
_r0
_sY
_tBOOK
_u2017-8-10
_xTEOLOGIA
_PP35
_0COMPRA
_o.STAFF. Colección Teología
_d24923
980 _81
_gALBERTO SANCHEZ Responsable de Automatización